|
|
|
|
| LEADER |
00000cam a2200000 7i4500 |
| 001 |
0000006457 |
| 005 |
20021119093000.0 |
| 008 |
021119n |
| 020 |
|
|
|a 1850770956
|
| 090 |
0 |
0 |
|a DT234
|b .O4
|
| 245 |
0 |
0 |
|a Omar al-Mokhtar :
|b the Italian reconquest of Libya
|c Enza Santarelli
|f translated by John Gilbert
|
| 260 |
2 |
|
|a London :
|b Darf ,
|c 1986
|
| 300 |
|
|
|a 208 p. ; ;
|c 22 cm.
|
| 501 |
|
|
|a Includes index
|
| 600 |
0 |
0 |
|a Omar al-Mukhtar
|
| 651 |
|
0 |
|a Libya
|x History
|
| 700 |
0 |
|
|a Gilbert, John ,
|e author
|
| 700 |
0 |
|
|a Santarelli, Enzo ,
|e author
|
| 999 |
|
|
|a 1000009980
|b Book
|c OPEN SHELF (30 DAYS)
|e Gong Badak Campus
|